LEADER 00586nab a2200157 i 4500 001 000000273065 003 CaOOAMICUS 005 20180831164930.0 008 180831n xx uu u0 0und r 013 $a21183 040 $aSeMil$bita 245 10$a[vedi periodico]. 773 0 $t[2009 : 2].$dParis : Institut d'Études Augustiniennes, 2009.$z978-2-85121-241-2$w()189738 774 0 $tChronica Tertullianea et Cyprianea 2008.$w()307838 774 0 $tBulletin augustinien pour 2008/2009 et compléments d'années antérieures.$w()307839 996 $6245$a[vedi periodico]$9(OLS)http://semarc/title/309439 LEADER 01043nam a2200229 i 4500 001 000000337988 003 CaOOAMICUS 005 20191113160232.0 008 191113s1942 it u000 u ita u 013 $a144219 040 $aSeMil$bita 245 10$a40: Il libro ascetico della giovane Italia /$cGabriele D'Annunzio. 260 $a[Gardone Riviera] :$bIl vittoriale degli italiani,$c1942. 300 $aXVIII, 479 p. ;$c21 cm. 700 1 $aD'Annunzio, Gabriele,$d<1863-1938>.$0(OLS)http://semarc/name/1300 773 0 $aD'Annunzio, Gabriele <1863-1938>$tOpere di Gabriele D'Annunzio.$d[Gardone Riviera] : Il vittoriale degli italiani, 1939-$w()28298 850 $aSeMil 852 $aSeMil$W1$xVenegono$y1$m1A VI 183$j218223$B230208$CSeMilBibl$Z2$F230208 $81 961 $aDono del dr. Guido Sagramoso 996 $6245$a40: Il libro ascetico della giovane Italia$9(OLS)http://semarc/title/426898 996 $6260$a[Gardone Riviera] :$bIl vittoriale degli italiani$9(OLS)http://semarc/publisher/58665